| 000 | 00798cam a22002417i 4500 | ||
|---|---|---|---|
| 020 | _a9783869622415 | ||
| 020 | _a3869622415 | ||
| 040 | _cOHX | ||
| 082 | _a649 HER 2017 A083 Or. | ||
| 245 | 0 | 0 |
_aBewegtbilder und Alltagskultur(en) : _bvon Super 8 über Video zum Handyfilm : Praktiken von Amateuren im Prozess der gesellschaftlichen Ästhetisierung / |
| 260 |
_aKöln : _bHerbert von Halem Verlag, _c2017. |
||
| 300 |
_a318 pages : _billustrations ; _c22 cm. |
||
| 490 | 1 | _aKlagenfurter Beiträge zur visuellen Kultur, | |
| 500 | _aInternational conference proceedings. | ||
| 650 | 0 | _aAmateur films | |
| 650 | 0 | _aMotion pictures | |
| 650 | 0 | _aMotion pictures | |
| 650 | 0 | _aVideo recordings | |
| 650 | 0 | _aCell phones | |
| 650 | 0 | _aSmartphones | |
| 650 | 0 | _aAmateur films | |
| 942 | _cEK | ||
| 999 |
_c16036 _d16036 |
||